Risultati Serie A 2023-2024 - 32ª giornata - Statistics

Statistiche generali
  • Questo quiz è stato fatto 7 volte
  • Il punteggio medio è 3 su 10
Statistiche sulle risposte
Hint Risposta % Corretto
Udinese-Roma 1-2
83%
Sassuolo-Milan 3-3
67%
Lazio-Salernitana 4-1
50%
Torino-Juventus 0-0
33%
Inter-Cagliari 2-2
33%
Fiorentina-Genoa 1-1
17%
Atalanta-Verona 2-2
17%
Napoli-Frosinone 2-2
17%
Bologna-Monza 0-0
0%
Lecce-Empoli 1-0
0%
Nessun quiz corrispondente trovato
Distribuzione punteggi
Percentuale di utenti per punteggio
Percentile per numero di risposta
I tuoi punteggi nel tempo
Non hai fatto questo quiz